Statistics for Villarreal Best Scorer By Year

Click here to take the quiz!

General Stats

  • This quiz has been taken 127 times
    (3 since last reset)
  • The average score is 3 of 20

Answer Stats

Player% Correct
Gerard Moreno
100%
Alexander Sørloth
67%
Carlos Bacca
33%
Diego Forlán
33%
Nicolas Jackson
33%
Arnaut Groeneveld
0%
Cédric Bakambu
0%
Gheorghe Craioveanu
0%
Giuseppe Rossi
0%
Ikechukwu Uche
0%
Jorge López
0%
Joseba Llorente
0%
Juan Román Riquelme
0%
Karl Toko Ekambi
0%
Luciano Vietto
0%
Marco Ruben
0%
Nihat Kahveci
0%
Nilmar
0%
Sonny Anderson
0%
Víctor
0%

Score Distribution

Percentile by Number Answered

Percent of People with Each Score

Your Score History

You have not taken this quiz since the last reset